New challenges of SMEs through clusters creation in Slovakia

Hľadanie možností tvorby klastrov a ich identifikácie v slovenských regiónoch. Porovnanie štatistických údajov so skutočnými fungujúcimi klastrami. Identifikácia hospodárskych perspektív klastrov v cestovnom ruchu a podpora inovácií.

Na minha lista:
Detalhes bibliográficos
Autor principal: Gajdová, Denisa, 1977-
Outros Autores: Krechovská, Michaela, Dubcová, Gabriela, 1968-
Formato: Capítulo de Livro
Idioma:inglês
Assuntos:
Tags: Adicionar Tag
Sem tags, seja o primeiro a adicionar uma tag!

MARC

LEADER 00000nla a2200000 4500
001 0227310
005 20240502083611.2
041 0 |a eng 
044 |a NL 
245 1 0 |a New challenges of SMEs through clusters creation in Slovakia  |c Denisa Gajdová, Michaela Krechovská, Gabriela Dubcová 
520 |a Hľadanie možností tvorby klastrov a ich identifikácie v slovenských regiónoch. Porovnanie štatistických údajov so skutočnými fungujúcimi klastrami. Identifikácia hospodárskych perspektív klastrov v cestovnom ruchu a podpora inovácií. 
610 2 0 |a klaster 
610 2 0 |a regióny 
610 2 0 |a inovácia 
610 2 0 |a podnik malý 
610 2 0 |a podnik stredný 
610 2 0 |a podpora podnikania 
100 1 |a Gajdová, Denisa, 1977- 
700 1 |a Krechovská, Michaela 
700 1 |a Dubcová, Gabriela, 1968-